Estatísticas para Geografia Comum em um Mapa

Clique aqui para jogar o quiz

Estatísticas Gerais

  • Esse quiz foi jogado 9 332 vezes
  • A pontuação média é 107 de 130

Respostas no mapa

Respostas codificadas por cores de uma escala verde-vermelha no mapa do quiz de acordo com a % correta abaixo.
Carregando ...
 

Estatísticas das Respostas

CategoriaResposta% Correto
PaísBrasil
96%
CapitalCidade do México
96%
PaísEstados Unidos
96%
PaísItália
96%
PaísCanadá
95%
PaísChina
95%
PaísMéxico
95%
PaísRússia
95%
ContinenteÁfrica
94%
PaísArgentina
94%
PaísAustrália
94%
LínguaEspanhol
94%
PaísFrança
94%
SubdivisãoPará
94%
LínguaPortuguês
94%
Cidade | SubdivisãoRio de Janeiro
94%
Cidade | SubdivisãoSão Paulo
94%
LínguaAlemão
93%
PaísChile
93%
LínguaChinês (Mandarim)
93%
PaísEspanha
93%
PaísJapão
93%
LínguaFrancês
92%
LínguaItaliano
92%
LínguaJaponês
92%
PaísPortugal
92%
PaísAlemanha
91%
PaísUruguai
91%
PaísÁfrica do Sul
90%
PaísBolívia
90%
PaísColômbia
90%
PaísParaguai
90%
PaísPeru
90%
LínguaRusso
90%
PaísVenezuela
90%
PaísEgito
89%
PaísEquador
89%
PaísÍndia
89%
SubdivisãoAmazonas
88%
ContinenteAmérica do Norte
88%
ContinenteAmérica do Sul
88%
LínguaÁrabe
88%
ContinenteÁsia
88%
ContinenteEuropa
88%
PaísGuiana
88%
CapitalBrasília
87%
LínguaInglês
87%
PaísMadagascar
87%
SubdivisãoMinas Gerais
87%
PaísNova Zelândia
87%
ContinenteOceania
87%
PaísSuriname
87%
SubdivisãoAcre
86%
SubdivisãoBahia
86%
PaísReino Unido
86%
SubdivisãoRio Grande do Sul
86%
PaísSuécia
86%
PaísCoreia do Sul
85%
PaísIrlanda
85%
SubdivisãoMato Grosso
85%
PaísNoruega
85%
PaísCoreia do Norte
84%
PaísCuba
84%
CapitalMadri
84%
SubdivisãoParaná
84%
CapitalParis
84%
CidadePorto
84%
SubdivisãoSanta Catarina
84%
PaísArábia Saudita
83%
PaísFinlândia
83%
CapitalLisboa
83%
MoedaReal
83%
SubdivisãoEspírito Santo
82%
SubdivisãoGoiás
82%
SubdivisãoMato Grosso do Sul
82%
CapitalRoma
82%
País antigoUnião Soviética
82%
ContinenteAntártica
81%
CapitalLondres
81%
PaísSuíça
81%
CapitalCidade do Panamá
80%
SubdivisãoInglaterra
80%
PaísMarrocos
80%
PaísMongólia
80%
PaísTurquia
80%
PaísIndonésia
79%
PaísPaíses Baixos
79%
PaísPanamá
79%
CidadeBelo Horizonte
78%
PaísGrécia
78%
PaísIrão
78%
CidadeManaus
78%
CidadeSalvador
78%
CapitalTóquio
78%
PaísAngola
77%
PaísBélgica
77%
CapitalBerlim
77%
CapitalBuenos Aires
77%
SubdivisãoRio Grande do Norte
77%
CapitalWashington, D.C.
77%
PaísArgélia
76%
SubdivisãoCalifórnia
76%
CidadeGoiânia
75%
SubdivisãoTexas
75%
PaísRepública Democrática
do Congo
74%
CidadeCuritiba
73%
PaísIraque
73%
PaísRepública do Congo
73%
PaísPapua Nova Guiné
71%
PaísPaquistão
71%
CidadePorto Alegre
71%
PaísAfeganistão
70%
PaísNiger
69%
CapitalCairo
68%
PaísTunísia
66%
PaísIsrael
65%
PaísLituânia
65%
CapitalOttawa
65%
CapitalHavana
64%
PaísCatar
62%
SubdivisãoDistrito Federal
62%
CapitalCamberra
58%
MarcoCristo Redentor
57%
PaísJamaica
53%
PaísVaticano
51%
CapitalLuanda
49%
CapitalWellington
49%
MarcoCataratas do Iguaçu
46%

Distribuição das Pontuações

Percentil de Números Respondidos

Porcentagem de Pessoas com Cada Pontuação

Sua Pontuação Histórica

Você não jogou esse quiz